Implementácia corporate compliance v zahraničnoobchodnej firme diplomová práca

Saved in:
Bibliographic Details
Main Author: Pőczová, Evelyn
Corporate Author: Obchodná fakulta EU. Katedra medzinárodného obchodu
Other Authors: Steinhauser, Dušan, 1988-
Format: Book
Language:Slovak
Published: Bratislava 2021
Tags: Add Tag
No Tags, Be the first to tag this record!

MARC

LEADER 00000nbm a2200000 4500
001 0274504
005 20220210094937.7
041 0 |a slo 
044 |a SK 
245 1 0 |a Implementácia corporate compliance v zahraničnoobchodnej firme  |b diplomová práca  |c Evelyn Pőczová ; školiteľ: Dušan Steinhauser 
264 1 |a Bratislava  |c 2021 
300 |a 84 s. 
100 1 |a Pőczová, Evelyn 
700 1 |a Steinhauser, Dušan, 1988- 
710 2 |a Obchodná fakulta EU. Katedra medzinárodného obchodu